000 00808nam a2200253 a 4500
005 20210219153332.0
008 991125n 000 0 u
035 _aUPN01000091926
100 _aHamre-Nietupski, Susan
222 _aEDUCATION AND TRAINING IN MENTAL RETARDATION
245 _aPerceptions of teachers of students with moderate, severe, or profound disabilities on facilitating friendships with nondisabled peers / [et al.]
300 _a111-127
362 _a28, No. 2, 1993
505 _aDiciembre 1993
653 0 _aACTITUD DOCENTE
653 0 _aAMISTAD
653 0 _aCORRIENTE PRINCIPAL (FILOSOFIA)
653 0 _aEDUCACION ESPECIAL
653 0 _aSEVERE DISABILITIES
700 _aHendrickson, Jo
700 _aNietupski, John
904 _aAC
_b029737
905 _aArticulo
999 _c74208
_d74208